000 00216nam a22000857a 4500
008 161125b xxu||||| |||| 00| 0 eng d
100 _91452
_aPal.Y.etal.
245 _aSecondary Biology-IX
260 _aNew Delhi
_bArya
_c2009
999 _c4176
_d4176